Normal view MARC view

Entry Nombre personal

Number of records used in: 22

001 - NÚMERO DE CONTROL

  • campo de control: 69515

003 - IDENTIFICADOR DE NÚMERO DE CONTROL

  • campo de control: SpMaBN

005 - FECHA Y HORA DE LA ÚLTIMA TRANSACCIÓN

  • campo de control: 20231218203529.0

008 - ELEMENTOS DE DATO DE LONGITUD-FIJA

  • campo de control de longitud fija: 901120n| aijnnaabn a aaa

016 ## - NÚMERO DE CONTROL DE UNA AGENCIA BIBLIOGRÁFICA NACIONAL

  • Número de control del registro: BNE19900080514

024 7# - IDENTIFICADOR DE OTROS ESTÁNDARES

  • Número estándar o código: http://viaf.org/viaf/27138081/
  • Fuente: viaf

024 8# - IDENTIFICADOR DE OTROS ESTÁNDARES

  • Número estándar o código: https://data.cervantesvirtual.com/person/3392

024 8# - IDENTIFICADOR DE OTROS ESTÁNDARES

  • Número estándar o código: http://pares.mcu.es:80/ParesBusquedas20/catalogo/autoridad/129 847

024 7# - IDENTIFICADOR DE OTROS ESTÁNDARES

  • Número estándar o código: https://isni.org/isni/0000000121252934
  • Fuente: isni

024 7# - IDENTIFICADOR DE OTROS ESTÁNDARES

  • Número estándar o código: http://www.wikidata.org/entity/Q269123
  • Fuente: wikidata

040 ## - FUENTE DE CATALOGACIÓN

  • Centro catalogador/agencia de origen: SpMaBN
  • Lengua de catalogación: spa
  • Centro/agencia transcriptor: SpMaBN
  • Normas de descripción: rdc
  • Convención/Normas de encabezamiento de materia/tesauro: embne

046 ## - FECHAS CON CODIFICACIÓN ESPECIAL

  • Fecha de nacimiento: 1921
  • Fecha de la muerte: 2004

100 1# - ENCABEZAMIENTO-NOMBRE DE PERSONA

  • Nombre de persona: Laforet, Carmen,
  • Fechas asociadas al nombre: 1921-2004

370 ## - LUGAR ASOCIADO

  • Lugar de nacimiento: España, Cataluña, Barcelona (Provincia), Barcelona

370 ## - LUGAR ASOCIADO

  • Lugar de fallecimiento: España, Madrid (Comunidad Autónoma), Majadahonda

372 ## - CAMPO DE ACTIVIDAD

  • Campo de actividad: Novelas
  • Fuente del término: tgfbne

373 ## - GRUPO ASOCIADO

  • Grupo asociado: Ateneo de Madrid
  • Fuente de información: Web del Ateneo; Garbisu Buesa, Margarita. La esfinge del Ateneo. Rinconete. Centro Virtual Cervantes (2011)

374 ## - OCUPACIÓN

  • Ocupación: Escritores
  • Fuente de información: Wikidata

375 ## - GÉNERO/SEXO

  • Género: Femenino

377 ## - IDIOMA ASOCIADO

  • Término de lengua/lenguaje: Español

400 1# - TRAZADO DE VÉASE--NOMBRE DE PERSONA

  • Nombre de persona: Laforet Díaz, Carmen,
  • Fechas asociadas al nombre: 1921-2004

670 ## - FUENTE DE DATOS ENCONTRADOS

  • Cita de la fuente: La insolación, 1985
  • Información encontrada: port. (Carmen Laforet) p. 8 (n. 1921)

670 ## - FUENTE DE DATOS ENCONTRADOS

  • Cita de la fuente: Dic. de escritores célebres, 1995
  • Información encontrada: (Laforet, Carmen; novelista (Barcelona, 1921))

670 ## - FUENTE DE DATOS ENCONTRADOS

  • Cita de la fuente: El Mundo, 2-3-2004
  • Información encontrada: (Carmen Laforet Díaz; m. 28-2-2004)

670 ## - FUENTE DE DATOS ENCONTRADOS

  • Cita de la fuente: WWW Wikipedia, 30-11-2021
  • Información encontrada: (Carmen Laforet Díaz (Barcelona, 6 de septiembre de 1921-Majadahonda, 28 de febrero de 2004) fue una escritora española. Su obra más conocida es la novela Nada, ganadora del Premio Nadal 1945)
  • Identificador Uniforme de Recursos: https://es.wikipedia.org/wiki/Carmen_Laforet

670 ## - FUENTE DE DATOS ENCONTRADOS

  • Cita de la fuente: WWW BN España aut., 28/08/2023
  • Información encontrada: (Laforet, Carmen, 1921-2004)

678 ## - DATOS BIOGRÁFICOS O HISTÓRICOS

  • Datos biográficos o históricos: Socia del Ateneo de Madrid n. 1293
  • Ampliación de la nota: Fuentes: Web del Ateneo; Garbisu Buesa, Margarita. La esfinge del Ateneo. Rinconete. Centro Virtual Cervantes (2011)

856 4# - LOCALIZACIÓN Y ACCESO ELECTRÓNICOS

  • Identificador Uniforme de Recursos: http://escritores.bne.es/web/authors/carmen-laforet-1921-2004/
  • Texto de enlace: Escritores en la BNE